MARC details
| 000 -CABECERA |
| campo de control de longitud fija |
02320nab a2200313 a 4500 |
| 005 - FECHA Y HORA DE LA ÚLTIMA TRANSACCIÓN |
| campo de control |
20260321064238.0 |
| 008 - ELEMENTOS DE LONGITUD FIJA--INFORMACIÓN GENERAL |
| campo de control de longitud fija |
991125c2016 sp fr p o 000 0 spa d |
| 035 ## - NÚMERO DE CONTROL DEL SISTEMA |
| Número de control de sistema |
UPN01000210713 |
| 040 ## - FUENTE DE LA CATALOGACIÓN |
| Centro catalogador/agencia de origen |
MX-MxUPN |
| Lengua de catalogación |
spa |
| Centro/agencia transcriptor |
MX-MxUPN |
| Normas de descripción |
aacr2 |
| 049 ## - COLECCIÓN |
| Colección |
ART-E |
| 100 1# - ASIENTO PRINCIPAL--NOMBRE PERSONAL |
| Nombre de persona |
Vázquez Cano, Esteban |
| 9 (RLIN) |
41909 |
| 100 1# - ASIENTO PRINCIPAL--NOMBRE PERSONAL |
| Filiación |
evazquez@edu.uned.es |
| 100 1# - ASIENTO PRINCIPAL--NOMBRE PERSONAL |
| Nombre de persona |
López Meneses, Eloy |
| 100 1# - ASIENTO PRINCIPAL--NOMBRE PERSONAL |
| Filiación |
elopmen@upo.es |
| 245 10 - MENCIÓN DE TÍTULO |
| Título |
Experiencia didáctica con mapas conceptuales interactivos con estudiantes universitarios sobre las áreas de intervención socio-laboral del educador social |
| 506 0# - NOTA DE RESTRICCIONES AL ACCESO |
| Limitaciones de acceso |
Acceso abierto |
| 520 3# - NOTA DE RESUMEN, ETC. |
| Sumario, etc. |
En este artículo se describe una experiencia de innovación universitaria sobre las áreas de intervención más determinantes del futuro Educador Social, según los estudiantes del primer curso de la asignatura de Tecnologías de la Información y la Comunicació n (TIC) y Educación Social, de la titulación de Grado de Educación Social, del curso académico 2014 - 15. Entre los resultados más relevantes, referentes al análisis de los ámbitos de intervención del futuro Educador Social, destacan especialmente el tema d e la Drogodependencia (19%) y el ámbito de la Discapacidad / Salud Mental (17%); también, la Adolescencia (15%), la Infancia (13%) y la Tercera Edad (12%). En menor medida, encontramos los ámbitos de Adultos (8%), la Atención Comunitaria (7%) y la Inmigra ción (4%). Por último, la práctica innovadora se deriva de la línea de trabajo iniciada en la investigación “Innovación docente 2.0 con Tecnologías de la Información y la Comunicación (TIC) en el Espacio Europeo de Educación Superior”, situada en el marco de la Acción 2, de Proyectos de Innovación y Desarrollo Docente de la Universidad Pablo de Olavide, de Sevilla. |
| 650 #4 - ASIENTO SECUNDARIO DE MATERIA - TERMINO TEMATICO |
| Término de materia o nombre geográfico como elemento de entrada |
Mapas conceptuales |
| 9 (RLIN) |
5253 |
| 650 #2 - ASIENTO SECUNDARIO DE MATERIA - TERMINO TEMATICO |
| Término de materia o nombre geográfico como elemento de entrada |
Sistemas multimedia |
| 9 (RLIN) |
18211 |
| 650 #4 - ASIENTO SECUNDARIO DE MATERIA - TERMINO TEMATICO |
| Término de materia o nombre geográfico como elemento de entrada |
Educación superior |
| 9 (RLIN) |
32 |
| 650 #2 - ASIENTO SECUNDARIO DE MATERIA - TERMINO TEMATICO |
| Término de materia o nombre geográfico como elemento de entrada |
Trabajadores sociales |
| 9 (RLIN) |
6494 |
| 650 #2 - ASIENTO SECUNDARIO DE MATERIA - TERMINO TEMATICO |
| Término de materia o nombre geográfico como elemento de entrada |
Intervención social |
| 9 (RLIN) |
22573 |
| 650 #4 - ASIENTO SECUNDARIO DE MATERIA - TERMINO TEMATICO |
| Término de materia o nombre geográfico como elemento de entrada |
Tecnologías de la información y comunicación |
| 9 (RLIN) |
21219 |
| 773 ## - ENLACE AL DOCUMENTO FUENTE/ENTRADA DE REGISTRO ANFITRIÓN |
| Parte(s) relacionada(s) |
Vol. 18, no. 1 (2016), p. 5-23 |
| Título |
Aula de encuentro |
| Número Internacional Normalizado para Publicaciones Seriadas |
2341-4847 |
| 856 4# - LOCALIZACIÓN Y ACCESO ELECTRÓNICOS |
| Identificador Uniforme del Recurso |
<a href="https://revistaselectronicas.ujaen.es/index.php/ADE/article/view/2868">https://revistaselectronicas.ujaen.es/index.php/ADE/article/view/2868</a> |
| 902 ## - ELEMENTOS DE DATOS B LOCAL, LDB (RLIN) |
| Creó |
Gloria Jiménez/210525 |
| 905 ## - TIPO DE MATERIAL |
| Tipo de material |
Articulo |
| 942 ## - ELEMENTOS DE PUNTO DE ACCESO ADICIONAL (KOHA) |
| Tipo de ítem Koha |
Artículo Electrónico |